[Event "AUTO-OPEN-3034"]
[Site "http://www.queenalice.com/game.php?id=1200092"]
[Date "2013.7.15"]
[Round "1"]
[White "valdenicio"]
[Black "souzafel"]
[Result "0-1"]
[WhiteElo "1418"]
[BlackElo "1844"]

1. d4 Nf6 2. Nf3 d5 3. Bf4 Bf5 4. h3 e6 5. e3 Bd6 6. Bxd6 Qxd6 7. c3 Nbd7 8. Bd3
c6 9. Bxf5 exf5 10. Nbd2 O-O 11. g3 Rfe8 12. O-O Ne4 13. Kg2 Re6 14. Rg1 Rae8
15. c4 Rg6 16. Nxe4 Rxe4 17. c5 Qb8 18. Qd3 Nf6 19. Nd2 h5 20. Kh1 Qc8 21. Kh2
Re7 22. Nf3 Ne4 23. Nh4 Rf6 0-1

[Event "Challenge"]
[Site "http://www.queenalice.com/game.php?id=1209375"]
[Date "2013.8.18"]
[Round "-"]
[White "souzafel"]
[Black "BossHaar"]
[Result "0-1"]
[WhiteElo "1873"]
[BlackElo "1977"]

1. d4 Nf6 2. c4 c5 3. Nf3 e6 4. Nc3 cxd4 5. Nxd4 Nc6 6. e4 Bb4 7. Nxc6 bxc6 8.
Bd2 O-O 9. e5 Bxc3 10. Bxc3 Ne4 11. Qc2 Nxc3 12. Qxc3 Bb7 13. Be2 c5 14. O-O Qg5
15. f3 f6 16. Rad1 Bc6 17. exf6 Rxf6 18. Qd2 Qh4 19. Qd6 Raf8 20. Qxc5 Rh6 21.
Qd6 Rg6 22. Rd4 Qh6 23. Rd3 Qg5 24. g3 e5 25. Qc5 h5 26. Qe3 Qe7 0-1

[Event "Challenge"]
[Site "http://www.queenalice.com/game.php?id=1209376"]
[Date "2013.8.18"]
[Round "-"]
[White "BossHaar"]
[Black "souzafel"]
[Result "1-0"]
[WhiteElo "1914"]
[BlackElo "1930"]

1. Nf3 d5 2. g3 Nf6 3. Bg2 c6 4. O-O Bf5 5. d3 Nbd7 6. Nc3 e5 7. Re1 Bd6 8. e4
Be6 9. exd5 cxd5 10. Nb5 Bb8 11. Bd2 O-O 12. Bb4 Re8 13. Nd6 Bxd6 14. Bxd6 Bg4
15. Qd2 Qb6 16. Bxe5 Bxf3 17. Bxf6 Qxf6 18. Bxf3 Qxf3 19. Rxe8+ Rxe8 20. Re1 Re6
21. Re3 Rxe3 22. Qxe3 Qxe3 23. fxe3 f5 24. Kf2 Ne5 25. h3 Kf7 26. b3 Kf6 27. d4
Nc6 28. a3 g5 29. g4 fxg4 30. hxg4 1-0

[Event "AUTO-ADV-2947"]
[Site "http://www.queenalice.com/game.php?id=1213646"]
[Date "2013.9.2"]
[Round "1"]
[White "Ephystos"]
[Black "souzafel"]
[Result "1-0"]
[WhiteElo "2046"]
[BlackElo "1852"]

1. e4 e5 2. Nf3 Nf6 3. Nxe5 d6 4. Nf3 Nxe4 5. d4 d5 6. Bd3 Bd6 7. O-O O-O 8. c4
Nf6 9. Re1 Bg4 10. c5 Be7 11. Qb3 1-0

[Event "AUTO-ADV-2947"]
[Site "http://www.queenalice.com/game.php?id=1213647"]
[Date "2013.9.2"]
[Round "1"]
[White "souzafel"]
[Black "Ephystos"]
[Result "0-1"]
[WhiteElo "1861"]
[BlackElo "2037"]

1. d4 Nf6 2. c4 g6 3. Nc3 Bg7 4. g3 O-O 5. Bg2 d6 6. e4 c6 7. Nge2 e5 8. d5 cxd5
9. cxd5 Bd7 10. O-O Na6 11. h3 Qc8 0-1

[Event "AUTO-ADV-2947"]
[Site "http://www.queenalice.com/game.php?id=1213664"]
[Date "2013.9.2"]
[Round "1"]
[White "souzafel"]
[Black "carlosjvega"]
[Result "0-1"]
[WhiteElo "1904"]
[BlackElo "1894"]

1. e4 Nc6 2. d4 d5 3. e5 Bf5 4. Bd3 Nxd4 5. Bxf5 Nxf5 6. Qd3 e6 7. Nf3 Bc5 8.
Qb5+ c6 9. Qxc5 Nge7 10. g4 b6 11. Qa3 O-O 12. gxf5 Nxf5 13. b4 Qc7 14. Be3 a5
15. bxa5 Rxa5 16. Qd3 Rfa8 17. a3 Nxe3 18. fxe3 c5 19. h4 b5 20. h5 c4 21. Qc3
Qc6 22. Kf2 b4 23. Qxb4 h6 24. Rg1 Rb5 25. Nd4 Rxb4 26. Nxc6 Rb2 0-1

[Event "AUTO-ADV-2947"]
[Site "http://www.queenalice.com/game.php?id=1213665"]
[Date "2013.9.2"]
[Round "1"]
[White "carlosjvega"]
[Black "souzafel"]
[Result "1-0"]
[WhiteElo "1910"]
[BlackElo "1888"]

1. e4 c6 2. d4 d5 3. e5 Bf5 4. Bd3 Bxd3 5. Qxd3 e6 6. Nf3 Ne7 7. Bg5 Qb6 8. b3
Nf5 9. O-O c5 10. g4 Nxd4 11. Nxd4 cxd4 12. c4 dxc4 13. Qxc4 Nc6 14. Nd2 Nxe5
15. Qa4+ Nc6 16. Nc4 Qb4 17. Qxb4 Nxb4 18. a3 Nc6 19. Rac1 Be7 20. Bxe7 Kxe7 21.
Rfd1 Rhd8 22. f4 f6 23. b4 a6 24. Na5 Nxa5 25. bxa5 e5 26. Rc7+ Rd7 27. Rxd7+
Kxd7 28. fxe5 fxe5 29. Kf2 1-0

[Event "AUTO-ADV-2947"]
[Site "http://www.queenalice.com/game.php?id=1213666"]
[Date "2013.9.2"]
[Round "1"]
[White "souzafel"]
[Black "Canaye"]
[Result "1-0"]
[WhiteElo "1888"]
[BlackElo "1900"]

1. d4 e6 2. c4 d5 3. Nc3 Bb4 4. e3 Nf6 5. Nf3 Ne4 6. Qb3 Bxc3+ 7. bxc3 O-O 8.
Bd3 dxc4 9. Bxc4 Nc6 10. Bd3 Nf6 11. O-O e5 12. dxe5 Ng4 13. Qc2 Ngxe5 14. Bxh7+
Kh8 15. Nxe5 Nxe5 16. Bf5 Bxf5 17. Qxf5 Qe8 18. Rd1 Nc4 19. Rd4 g6 20. Qf6+ Kg8
21. Rh4 Qe5 22. Rh8# 1-0

[Event "AUTO-ADV-2947"]
[Site "http://www.queenalice.com/game.php?id=1213667"]
[Date "2013.9.2"]
[Round "1"]
[White "Canaye"]
[Black "souzafel"]
[Result "0-1"]
[WhiteElo "1867"]
[BlackElo "1925"]

1. d4 Nf6 2. c4 e5 3. dxe5 Ng4 4. Bf4 Nc6 5. Nf3 Bb4+ 6. Nc3 Qe7 7. e3 Bxc3+ 8.
bxc3 Ngxe5 9. Nxe5 Nxe5 10. Be2 O-O 11. Rb1 d6 12. O-O b6 13. Qd4 Nc6 14. Qd2
Bb7 15. Bd1 Rad8 16. Bc2 Ne5 17. Rfe1 Rfe8 18. Bxe5 Qxe5 19. f4 Qf6 20. Qd3 Be4
21. Qd2 Qg6 22. Bxe4 Rxe4 23. Qd3 Qe6 24. Kf2 Qxc4 25. Qxc4 Rxc4 26. Rb3 Re8 27.
Kf3 a5 28. e4 f5 29. e5 Kf7 30. Re3 dxe5 31. fxe5 g5 32. Rb5 g4+ 33. Kf2 f4 34.
Rd3 Re6 35. Rd7+ Kg6 36. Rd3 Kf5 37. g3 fxg3+ 38. Kxg3 Rxe5 39. Rxe5+ Kxe5 40.
Rd7 h5 41. Re7+ Kf5 42. Re3 b5 43. Kh4 Kf4 44. Re7 Rc5 45. Rf7+ Ke3 46. Rh7 Kf2
47. Rxh5 Rxh5+ 48. Kxh5 Kf3 49. Kh4 b4 50. cxb4 axb4 0-1

[Event "AUTO-MASTER-1947"]
[Site "http://www.queenalice.com/game.php?id=1217342"]
[Date "2013.9.16"]
[Round "1"]
[White "souzafel"]
[Black "capablanca2014"]
[Result "0-1"]
[WhiteElo "1939"]
[BlackElo "2113"]

1. d4 d5 2. c4 c6 3. Nc3 Nf6 4. Nf3 a6 5. a4 e6 6. Bg5 a5 7. e3 Be7 8. Bd3 Na6
9. O-O Nb4 10. Re1 Nxd3 11. Qxd3 O-O 0-1